[Event "Trapani Province-ch"]
[Site "Erice"]
[Date "2010.01.24"]
[Round "5"]
[White "Pantano, Giuseppe"]
[Black "Meo, Antonino"]
[Result "1-0"]
[WhiteElo "1563"]
[BlackElo "1515"]
[PlyCount "41"]
[EventDate "2010.01.10"]
[EventType "swiss"]
[EventRounds "6"]
[EventCountry "ITA"]
[SourceTitle "EXT 2024"]
[Source "ChessBase"]
[SourceDate "2023.10.10"]
[SourceVersion "1"]
[SourceVersionDate "2023.10.10"]
[SourceQuality "1"]

1. d4 Nf6 2. c4 g6 3. Nc3 d6 4. e4 Bg7 5. Be3 0-0 6. Be2 c6 7. Qd2 Re8 8. h4 e5 9. d5 cxd5 10. cxd5 Nbd7 11. Bh6 Kh8 12. h5 Nc5 13. Bg5 Ncxe4 14. Bxf6 Nxd2 15. Bxd8 Rxd8 16. Kxd2 a6 17. Nf3 Bf5 18. hxg6 fxg6 19. Ng5 Rd7 20. g4 Bf6 21. Nh3 1-0

[Event "Sicilia Regional-ch"]
[Site "Erice"]
[Date "2009.05.31"]
[Round "3"]
[White "Fiducioso, Marco"]
[Black "Pantano, Giuseppe"]
[Result "1-0"]
[WhiteElo "2124"]
[BlackElo "1557"]
[PlyCount "109"]
[EventDate "2009.05.30"]
[EventType "swiss"]
[EventRounds "7"]
[EventCountry "ITA"]
[SourceTitle "EXT 2011"]
[Source "ChessBase"]
[SourceDate "2010.11.26"]
[SourceVersion "1"]
[SourceVersionDate "2010.11.26"]
[SourceQuality "1"]

1. e4 d6 2. d4 Nf6 3. Nc3 g6 4. Bg5 Bg7 5. f4 0-0 6. Qd2 c5 7. dxc5 dxc5 8. 0-0-0 Qxd2+ 9. Rxd2 Nc6 10. Nf3 Be6 11. Bb5 h6 12. Bxf6 exf6 13. Na4 Rfc8 14. Nxc5 b6 15. Nxe6 fxe6 16. Rd6 Nb4 17. c3 Rc5 18. Bd7 Bf8 19. Bxe6+ Kh8 20. Rd7 Nc6 21. Bd5 Re8 22. Nh4 Ne7 23. Bf7 Rec8 24. Nxg6+ Nxg6 25. Bxg6 b5 26. Kb1 a5 27. Rd5 b4 28. Rc1 bxc3 29. Rxc5 Rxc5 30. Rxc3 Rxc3 31. bxc3 Bd6 32. g3 Kg7 33. Be8 Bc5 34. h3 Bg1 35. f5 Bf2 36. g4 Bb6 37. Kc2 Kf8 38. Ba4 Ke7 39. Kd3 Kd6 40. Kc4 Ke5 41. Bc2 Kf4 42. Kd5 Kg3 43. Ke6 Kxh3 44. Bd1 Bd8 45. Kd7 Bb6 46. Ke7 Kg3 47. Kxf6 Kf4 48. Kg6 Kxe4 49. Kxh6 Be3+ 50. Kg7 Kd3 51. f6 Kxc3 52. f7 Bc5 53. f8Q Bxf8+ 54. Kxf8 Kb2 55. Bb3 1-0